Normal view
MARC view
- Adolescent psychology.
Entry Topical Term
001 - CONTROL NUMBER
- control field: 60312
003 - CONTROL NUMBER IDENTIFIER
- control field: OSt
005 - DATE AND TIME OF LATEST TRANSACTION
- control field: 20240906125401.0
008 - FIXED-LENGTH DATA ELEMENTS
- fixed length control field: 240906|| aca||aabn | a|a d
040 ## - CATALOGING SOURCE
- Original cataloging agency: OSt
- Transcribing agency: OSt
150 ## - HEADING--TOPICAL TERM
- Topical term or geographic name entry element: Adolescent psychology.
670 ## - SOURCE DATA FOUND
- Source citation: Work cat.: (OSt)20483: Khan, Faaiza. author. 57846, Development and change in attactment : , June 2020.
